[Event "It (open)"]
[Site "masterchessopen.com Pardubice (Czech Republic)"]
[Date "2012.07.26"]
[Round "7"]
[White "Usmanov Vasily (RUS)"]
[Black "Bernasek Jan (CZE)"]
[Result "0-1"]
[WhiteElo "2333"]
[BlackElo "2487"]

1.c4 Nf6 2.Nc3 g6 3.e4 d6 4.d4 Bg7 5.Be2 O-O 6.Bg5 h6 7.Be3 e5 8.d5 Na6 9.Qd2
h5 10.f3 Nh7 11.O-O-O Nc5 12.g4 hxg4 13.fxg4 Nf6 14.Bxc5 dxc5 15.g5 Nh7 16.h4
f6 17.h5 Nxg5 18.hxg6 f5 19.Nf3 Nxe4 20.Nxe4 fxe4 21.Ng5 Rf4 22.Rdg1 Bf5
23.Qe3 Qe7 24.Bf1 Rf8 25.Bh3 Rf3 26.Nxf3 exf3 27.Bxf5 Rxf5 28.Rg4 Qf6 29.Qxc5
f2 30.Rf1 e4 31.Qb5 Qe5 32.d6 Bh6+ 33.Kb1 Qxb5 34.cxb5 e3 35.dxc7 Rc5 36.Rd4
Rxc7 37.Rdd1 Bg5 {#R} 0-1

[Event "Ch Europe (juniors) (under 12) (g)"]
[Site "masterchessopen.com Prague (Czech Republic)"]
[Date "2012.08.23"]
[Round "7"]
[White "Kaczmarska Joanna"]
[Black "Injac Teodora"]
[Result "1-0"]
[WhiteElo "1571"]
[BlackElo "1702"]

1.d4 Nf6 2.c4 g6 3.Nc3 Bg7 4.e4 d6 5.Be2 O-O 6.Bg5 h6 7.Bh4 g5 8.Bg3 Nc6 9.d5
Nb8 10.f4 c5 11.fxg5 hxg5 12.Nf3 Nh7 13.Qd2 Qb6 14.O-O f6 15.Rac1 Bg4 16.b3
Rf7 17.h3 Bh5 18.Rf2 Bxf3 19.Bxf3 f5 20.Bh5 Rf8 21.Rxf5 Rxf5 22.exf5 Nd7
23.Ne4 Ndf6 24.Nxf6+ Bxf6 25.Re1 a5 26.Kh2 a4 27.Qe3 Nf8 28.Bf2 axb3 29.axb3
Ra3 30.Bd1 Qa5 31.Re2 Ra1 32.Qd2 Qa6 33.Be3 Nh7 34.Bf2 Nf8 35.Qc2 b5 36.Rd2
bxc4 37.bxc4 Ra4 38.Qxa4 {#r} 1-0

[Event "Ch Europe (juniors) (under 14) (g)"]
[Site "masterchessopen.com Prague (Czech Republic)"]
[Date "2012.08.25"]
[Round "9"]
[White "Harazinska Ewa"]
[Black "Malatsilava Volha"]
[Result "0-1"]
[WhiteElo "1975"]
[BlackElo "1926"]

1.d4 Nf6 2.c4 g6 3.Nc3 Bg7 4.e4 d6 5.Be2 O-O 6.Bg5 h6 7.Be3 Nbd7 8.Qd2 Kh7
9.f4 c5 10.d5 a6 11.a4 Qc7 12.g4 Re8 13.g5 Ng8 14.gxh6 Bh8 15.Nf3 Nxh6 16.Ng5+
Kg8 17.f5 Ne5 18.Rg1 Bg7 19.h4 Qa5 20.fxg6 fxg6 21.Ne6 Bxe6 22.dxe6 Kh7 23.h5
Rh8 24.hxg6+ Kg8 25.Rh1 Nhg4 26.Rxh8+ Kxh8 27.O-O-O Kg8 28.Bxg4 Nxg4 29.Qe2
Nxe3 30.Qxe3 Rf8 31.Nd5 Qd8 32.Qh3 Rf2 33.Qh7+ Kf8 34.Rh1 Qa5 35.Rd1 Qxa4 {#R}
0-1

[Event "It (open)"]
[Site "masterchessopen.com Dresden (Germany)"]
[Date "2012.08.26"]
[Round "9"]
[White "Kaiser Dieter (GER)"]
[Black "Schnoor Ekkehard (GER)"]
[Result "1-0"]
[WhiteElo "2256"]
[BlackElo "2001"]

1.c4 g6 2.d4 Nf6 3.Nc3 Bg7 4.e4 d6 5.Be2 O-O 6.Bg5 h6 7.Be3 e5 8.d5 a5 9.g4
Na6 10.h4 Nc5 11.f3 h5 12.g5 Nfd7 13.Nh3 Nb6 14.b3 Bd7 15.Qd2 Be8 16.O-O-O
Nbd7 17.Kb1 Na6 18.Rc1 Ndc5 19.Nd1 c6 20.Nb2 cxd5 21.cxd5 b5 22.Nd3 Rc8
23.Nhf2 Kh7 24.Nxc5 dxc5 25.Nd3 Qd6 26.Qxa5 Bd7 27.Qa3 b4 28.Qa5 Ra8 29.Bxc5
Nxc5 30.Qxc5 Qa6 31.Rc2 Rfc8 32.Nxb4 Qxe2 33.Qxc8 Rxc8 34.Rxe2 Bf8 35.Nc6 {#r}
1-0

[Event "It (open) (b)"]
[Site "masterchessopen.com Collado Villalba (Spain)"]
[Date "2012.08.29"]
[Round "6"]
[White "Martinez Belen Alejandro"]
[Black "Largo Barbero Benito"]
[Result "0-1"]
[WhiteElo "1779"]
[BlackElo "1902"]

1.d4 Nf6 2.c4 g6 3.Nc3 Bg7 4.e4 d6 5.Be2 O-O 6.Bg5 h6 7.Bh4 c6 8.Nf3 Qa5 9.Qc2
a6 10.a3 Re8 11.b4 Qc7 12.O-O Nbd7 13.a4 Nf8 14.Rfc1 Ne6 15.Bg3 Nh5 16.d5 Nef4
17.Bf1 Bg4 18.Nd2 Rac8 19.f3 Bd7 20.dxc6 Bxc6 21.b5 Bd7 22.Bf2 Qd8 23.a5 e6
24.g4 Nf6 25.bxa6 bxa6 26.Bb6 Qe7 27.c5 dxc5 28.Bxa6 Nh7 29.Ndb1 Bd4+ 30.Kh1
Qh4 31.Bxc8 Bxc8 32.a6 Qh3 33.Rg1 Qxf3+ 34.Rg2 Qf1+ {#R} 0-1